|
|
|
|
| LEADER |
00000cam a2200000 a 4500 |
| 001 |
vtls001111660 |
| 003 |
SK-MaSNL |
| 005 |
20260302064251.0 |
| 008 |
240318s1978 xo a e n 00000 slo |
| 015 |
|
|
|a SNBA1978
|
| 020 |
|
|
|q (brož.)
|
| 035 |
|
|
|a SNK000054503
|
| 040 |
|
|
|a SNK
|b slo
|c SNK
|e AACR2
|
| 041 |
0 |
|
|a slo
|
| 044 |
|
|
|a xo
|c SK
|
| 080 |
|
|
|a 621.375.2(075.8)
|2 1981
|
| 100 |
1 |
|
|a Burger, Ivan
|4 aut
|9 279644
|
| 245 |
1 |
0 |
|a Elektronické obvody 1
|c Ivan Burger
|
| 250 |
|
|
|a 2. vyd.
|
| 260 |
|
|
|a Bratislava
|b Slovenská vysoká škola technická
|c 1978
|
| 300 |
|
|
|a 172 s.
|b sch., tab.
|c 29 cm
|
| 366 |
|
|
|e 100 výt.
|
| 504 |
|
|
|a Bibliogr. odkazy
|
| 650 |
0 |
7 |
|a elektronické obvody
|2 SNKPH
|9 67741
|
| 655 |
|
7 |
|a učebnice vysokých škôl
|2 SNKPH
|9 70191
|
| 958 |
|
|
|a OND
|
| 958 |
|
|
|a NB
|
| 999 |
|
|
|c 1136708
|d 1138638
|
| 952 |
|
|
|a SNK
|b SNK
|y PREZ
|7 0
|p 17A0967526
|o snkSB 26446/1
|i snkKSP 2541/78
|0 0
|1 0
|4 0
|d 2014-07-21
|f 1
|l 0
|r 2026-02-24 19:22:32
|w 2026-02-24
|
| 952 |
|
|
|a SNK
|b SNK
|y VYP
|7 0
|o snkSB 26446/1 D1
|i snkKSP 2542/78
|0 0
|1 0
|4 0
|d 2014-07-21
|l 0
|r 2026-02-24 19:22:32
|w 2026-02-24
|